<?xml version="1.0" encoding="UTF-8"?>
<record
    xmlns:xsi="http://www.w3.org/2001/XMLSchema-instance"
    xsi:schemaLocation="http://www.loc.gov/MARC21/slim http://www.loc.gov/standards/marcxml/schema/MARC21slim.xsd"
    xmlns="http://www.loc.gov/MARC21/slim">

  <leader>01581njm a22002657a 4500</leader>
  <controlfield tag="005">20100909155846.0</controlfield>
  <controlfield tag="007">sd ammalaaahaa</controlfield>
  <controlfield tag="008">100830t        xxu||||| |||| 00| 0 hin d</controlfield>
  <datafield tag="028" ind1=" " ind2=" ">
    <subfield code="a">N-55414</subfield>
    <subfield code="b">His Master's Voice</subfield>
  </datafield>
  <datafield tag="035" ind1=" " ind2=" ">
    <subfield code="a">GR-01671</subfield>
  </datafield>
  <datafield tag="040" ind1=" " ind2=" ">
    <subfield code="a">SED/VEN</subfield>
  </datafield>
  <datafield tag="100" ind1=" " ind2=" ">
    <subfield code="9">17458</subfield>
    <subfield code="a">Lata Mangeshker </subfield>
  </datafield>
  <datafield tag="245" ind1=" " ind2=" ">
    <subfield code="a">Baharon  ke sapne/</subfield>
    <subfield code="h">[Sound recording] :</subfield>
    <subfield code="c">by Lata Mangeshker, Manna Dey [and] ( Music) Raul Dev Barmen ( Lyric) Majrooh Sultan Puri </subfield>
  </datafield>
  <datafield tag="246" ind1=" " ind2=" ">
    <subfield code="a">&#x92C;&#x939;&#x93E;&#x930;&#x94B;&#x902;  &#x915;&#x947; &#x938;&#x92A;&#x928;&#x947; /</subfield>
  </datafield>
  <datafield tag="260" ind1=" " ind2=" ">
    <subfield code="a">Dum Dum, India </subfield>
    <subfield code="b">His Master's Voice</subfield>
  </datafield>
  <datafield tag="300" ind1=" " ind2=" ">
    <subfield code="a">1 Sound disc [Gramophone Record] :</subfield>
    <subfield code="b">analog, 33 1/3 rpm</subfield>
    <subfield code="c">12 in (LP)</subfield>
    <subfield code="f">Gramophone Records</subfield>
  </datafield>
  <datafield tag="500" ind1=" " ind2=" ">
    <subfield code="a">Brief record </subfield>
  </datafield>
  <datafield tag="505" ind1=" " ind2=" ">
    <subfield code="a">&#x92A;&#x93E;&#x930;&#x94D;&#x91F; &#x967;  &#x91A;&#x941;&#x928;&#x930;&#x940;  &#x938;&#x901;&#x92D;&#x93E;&#x932;  &#x917;&#x94B;&#x930;&#x940;  (&#x92C;&#x939;&#x93E;&#x930;&#x94B;&#x902;  &#x915;&#x947;  &#x938;&#x92A;&#x928;&#x947; ) &#x932;&#x924;&#x93E;  &#x92E;&#x902;&#x917;&#x947;&#x936;&#x915;&#x930; , &#x92E;&#x928;&#x94D;&#x928;&#x93E;  &#x921;&#x947;  [&#x90F;&#x902;&#x921; ] ( &#x92E;&#x94D;&#x92F;&#x942;&#x91C;&#x93F;&#x915; ) &#x930;&#x93E;&#x909;&#x932;    &#x926;&#x947;&#x935;  &#x92C;&#x930;&#x94D;&#x92E;&#x928; ( &#x932;&#x94D;&#x92F;&#x94D;&#x930;&#x93F;&#x915; ) &#x92E;&#x91C;&#x930;&#x942;&#x939;   &#x938;&#x941;&#x932;&#x94D;&#x924;&#x93E;&#x928;  &#x92A;&#x942;&#x930;&#x940;  Part 2  Chunri sambhal gori (Bharo ke Sapne) Lata Mangeshker, Manna Dey [and] ( Music) Raul Dev Barmen ( Lyric) Majrooh Sultan Puri     &#x92A;&#x93E;&#x930;&#x94D;&#x91F;  &#x968;  &#x906;&#x91C;&#x93E;  &#x92A;&#x93F;&#x92F;&#x93E;  &#x924;&#x941;&#x91D;&#x947;  &#x92A;&#x94D;&#x92F;&#x93E;&#x930;  &#x926;&#x942;  Part 2 Aaja piya tujhe pyar du</subfield>
  </datafield>
  <datafield tag="650" ind1=" " ind2=" ">
    <subfield code="a">Orchestra</subfield>
    <subfield code="9">1186</subfield>
    <subfield code="z">India</subfield>
    <subfield code="x">Excerpts</subfield>
  </datafield>
  <datafield tag="700" ind1=" " ind2=" ">
    <subfield code="9">17459</subfield>
    <subfield code="a">Manna Dey </subfield>
    <subfield code="b"> </subfield>
  </datafield>
  <datafield tag="700" ind1=" " ind2=" ">
    <subfield code="a"> Raul Dev Barmen </subfield>
    <subfield code="9">19238</subfield>
  </datafield>
  <datafield tag="700" ind1=" " ind2=" ">
    <subfield code="a"> Majrooh Sultan Puri   </subfield>
    <subfield code="9">19239</subfield>
  </datafield>
  <datafield tag="942" ind1=" " ind2=" ">
    <subfield code="2">ddc</subfield>
    <subfield code="c">GR</subfield>
  </datafield>
  <datafield tag="999" ind1=" " ind2=" ">
    <subfield code="c">44933</subfield>
    <subfield code="d">44933</subfield>
  </datafield>
  <datafield tag="952" ind1=" " ind2=" ">
    <subfield code="0">0</subfield>
    <subfield code="1">0</subfield>
    <subfield code="2">ddc</subfield>
    <subfield code="4">0</subfield>
    <subfield code="7">1</subfield>
    <subfield code="8">NFIC</subfield>
    <subfield code="a">L</subfield>
    <subfield code="b">L</subfield>
    <subfield code="d">2010-09-09</subfield>
    <subfield code="e">SED/VEN</subfield>
    <subfield code="l">0</subfield>
    <subfield code="p">GR-01671</subfield>
    <subfield code="r">2010-09-09 00:00:00</subfield>
    <subfield code="t">1</subfield>
    <subfield code="w">2010-09-09</subfield>
    <subfield code="y">GR</subfield>
  </datafield>
</record>
